Rubik's Cubes - Statistics

General Stats
  • This quiz has been taken 449 times
  • The average score is 11 of 40
Answer Stats
Answer % Correct
4x4x4
86%
5x5x5
83%
7x7x7
83%
6x6x6
82%
3x3x3
79%
2x2x2
77%
Megaminx
72%
Pyraminx
70%
Skewb
56%
Square-1
51%
8x8x8
44%
9x9x9
44%
Rubik's-Clock
35%
Gigaminx
27%
11x11x11
24%
Teraminx
19%
Rubik's Magic
17%
Gear Cube
16%
17x17x17
13%
1x3x3
9%
2x2x4
9%
3x3x4
9%
2x3x3
8%
3x3x5
7%
3x3x6
6%
3x3x7
6%
Rubik's Master Magic
6%
3x3x8
5%
3x3x9
5%
Gear Shift
5%
Tetraminx
4%
Pyramorphinx
3%
3x4x5
2%
FlowerMinx
2%
Gear Cube Extreme
2%
Jing's Pyraminx
2%
Gear Pyraminx
1%
Master Pyramorphinx
1%
Proffessor Pyraminx
1%
Ultimate Skewb
1%
No matching quizzes found
Score Distribution
Percent of People with Each Score
Percentile by Number Answered
Your Score History
You have not taken this quiz